000 00754nam a2200253 i 4500
001 bg
100 1 _aROMAN, Steven
245 1 0 _aWord :
_bmakrodefinicje /
_cSteven Roman ; [tł. Marcin Pancewicz].
246 _iTyt. oryg.:
_aWriting Word macros
260 _aGliwice :
_b"Helion",
_ccop. 2000.
300 _a364 s. :
_brys. ;
_c24 cm.
500 _aOryg.: "Writing Word macros".
504 _aIndeks.
650 9 _aWord
655 _aPodręczniki
020 _a8371973128
040 _cBPK
041 1 _apl
_hen
080 _a004.42(07)Word
920 _a83-7197-312-8
942 _cKS
008 s pl f |000 0 pol
856 _uhttp://koha.tu.koszalin.pl/cgi-bin/koha/opac-detail.pl?biblionumber=38605
_yKatalog online BPK
999 _c38605
_d38605